Autoroute Suisses - Statistiques

Statistiques générales
  • Ce quiz a été pris 234 fois
  • Le résultat moyen est 19 sur 62
Statistiques - réponses
Autoroute Longueur (km) Départ % Correct
A1 390 Genève
99%
Genève
98%
Genève
98%
Zurich
93%
Zurich
93%
Zurich
93%
A12 80 Berne
89%
Lausanne
86%
A3 182 Bale
83%
A2 290 Bale
82%
A18 22.5 Bale
80%
A14 29 Lucerne
63%
A6 71 Bienne
49%
Bienne
49%
Chiasso
48%
A9 240 Vallorbe
46%
Yverdon
43%
A16 84 Boncourt
42%
Vevey
37%
Kreuzlingen
32%
Sankt Margrethen
32%
A13 195 Sankt Margrethen
32%
A5 100 Soleure
32%
Bargen
27%
Brigue
27%
Locarno
26%
Martigny
26%
A20 33 La Chaux de Fonds
20%
Baar
17%
A4 165 Altdorf
14%
A1a 4.5 A1
12%
A1a 1.2 A1
12%
A1a 3.9 A1
12%
A1h 6.4 A1
12%
A1l 4.7 A1
12%
A7 35 A1
12%
A15 27 A1
12%
A1
12%
A51 25 A1
12%
A8 94 A2
11%
A24 2 A2
11%
A3w 2.3 A3
11%
A3
11%
A17 2 A3
11%
A22 13 A3
11%
Sargans
11%
Spiez
11%
A21 5 A9
10%
A52 27 A15
9%
A10 2 A6
9%
Zumikon
6%
A23 8 Arbon
5%
Bülach
5%
A50 3.7 Glattfelden
5%
Glattfelden
5%
Muri Bei Bern
5%
Näfels
5%
Sissach
5%
Wimmis
5%
Anet
4%
Stabio
4%
Nenzlingen
3%
Aucun quiz correspondant
Distribution des résultats
% des personnes avec chaque résultat
Percentile par nombre de réponses
Votre historique - résultats
Vous n’avez pas pris ce quiz